000 00325nam a2200145Ia 4500
008 150201s2008 xx 000 0 und d
082 _a615
_bP08U
100 _aUDAYKUMAR,P
245 _aTB OF PHARMACOLOGY
250 _a2ND
260 _bCBS
_aDELHI
_c2008
300 _a1-581
650 _aPHARMACOLOGY
942 _2ddc
_cBK
_020
999 _c408
_d408